| 000 | 00625cam a22001691 4500 | ||
|---|---|---|---|
| 082 |
_a358.400956 _bGUE _cL-28,P-34 |
||
| 100 | 1 |
_aGuedalla, Philip, _937992 |
|
| 245 | 1 | 0 |
_aMiddle East, 1940-1942, _ba study in air power, _cby Philip Guedalla . |
| 260 |
_aLondon, _bHodder and Stoughton limited _c[1944] |
||
| 300 |
_a237 p. _billus., double maps, ports. _c23 cm. |
||
| 500 | _a"First printed September 1944." | ||
| 526 |
_a0 _b0 _c0 _d358_400956000000000_GUE |
||
| 650 | 0 |
_aMCE _9379 |
|
| 650 | 0 |
_aWorld War, 1939-1945 _xAerial operations, British. _937993 |
|
| 650 | 0 |
_aWorld War, 1939-1945 _zMiddle East. _937994 |
|
| 942 |
_2ddc _cBK |
||
| 999 |
_c542703 _d542703 |
||